000 01357cam a22003857a 4500
003 CHAP
005 20220329135951.0
008 971013s1983 r 00010 d
010 _a44861
011 _a45833
035 _a49972
040 _cCHAP
090 _aTesis
100 0 0 _aUribe Gómez, Sergio.
_9116933
245 1 3 _aEl patrón tradicional de cultivos en la región de Los Tuxtlas, Ver., y su relación con algunas características climáticas y edáficas
260 _aChapingo, Méx. :
_bEl autor,
_c1983
300 _a119 h.
_b; gráfs. ; mapas
502 _aTesis (Ing. Agr. Esp. en Fitotecnia) -- UACH. Departamento de Fitotecnia
590 _aALEPH
_b10
_c20130110
_lUCH01
_h1314
590 _aBATCH-UPD
_b10
_c20130110
_lUCH01
_h1724
590 _aBATCH-UPD
_b10
_c20130410
_lUCH01
_h1106
590 _aBATCH-UPD
_b10
_c20130914
_lUCH01
_h0955
590 _aCONVERSION
_b10
_c20130109
_lUCH01
_h1325
650 1 4 _aClima
_zVeracruz.
_923860
650 1 4 _aCultivos asociados.
_930370
650 1 4 _aFrijol
_xVeracruz.
_943452
650 1 4 _aMaíz
_xVeracruz.
_971085
650 1 4 _aSuelos
_zVeracruz.
_9110530
650 1 4 _aSuelos
_zVeracruz.
_9110530
901 _aBK
942 _cFOLL
949 _bBC
_cTES
_d-112515
_eTS1
_i49972
_si
949 _bBC
_cTES
_d-112516
_eTS2
_fc.2
_i49972
_si
949 _bBC
_cTES
_d-112517
_eTS2
_fc.3
_h21898
_i49972
_si
999 _c44861
_d44861